00637nam a2200157Ia 4500008004100000020002000041100002400061245009100085260004600176300001700222500004100239650002900280650002400309999001900333952012700352191108s9999 xx 000 0 und d a978-0-374-29288 aFriedman, Thomas L. cThomas Friedman.--aThe world is flat:bA brief history of the twenty-first century /  aNew York: bDouglas & McIntyre Ltd.c2005 a488 pages :  aIncludes acknowledgements and index. aDiffusion of innovations aInformation society c362492d362492 00102lcc40aSFUbSISFU-SCcNULLd2019-11-08eDONATIONl0oHM 846 .F74 2005pSFU0236r2019-11-08 00:00:00w2019-11-08yBK